Marvel Or Dc Characters #7 - Statistics

General Stats
  • This quiz has been taken 107 times
  • The average score is 13 of 15
Answer Stats
Question Answer % Correct
Dr Octopus Marvel
96%
Rhino Marvel
95%
Daredevil Marvel
95%
Cheetah DC
93%
Martian Manhunter DC
93%
Green Goblin Marvel
93%
King Shark DC
91%
Captain Boomerang DC
89%
The Punisher Marvel
89%
Iron Fist Marvel
89%
Black Canary DC
87%
Amazo DC
85%
Hobgoblin Marvel
71%
The One Above All Marvel
65%
Bullseye Marvel
65%
No matching quizzes found
Score Distribution
Percent of People with Each Score
Percentile by Number Answered
Your Score History
You have not taken this quiz